Robot manipulators: mathematics, programming and control : The computer control of robot manipulators /
Salvato in:
| Autore principale: | |
|---|---|
| Natura: | Libro |
| Lingua: | inglese |
| Pubblicazione: |
Cambridge :
MIT Press,
1981
|
| Tags: |
Nessun Tag, puoi essere il primo ad aggiungerne!!
|
MARC
| LEADER | 00000nam a22000003a 4500 | ||
|---|---|---|---|
| 001 | stu2883 | ||
| 005 | 20201020165352.2 | ||
| 008 | 930120s1981----xxu-----------------eng-d | ||
| 040 | |a STU |b slo | ||
| 041 | 0 | |a eng | |
| 044 | |a xxu | ||
| 080 | |a 681.52/.54 | ||
| 080 | |a 681.51.01 | ||
| 080 | |a 681.32.06 | ||
| 100 | 1 | |a Paul, Richard P |4 aut | |
| 245 | 1 | |a Robot manipulators: mathematics, programming and control : |b The computer control of robot manipulators / |c [aut.] Paul,R.P | |
| 260 | |a Cambridge : |b MIT Press, |c 1981 | ||
| 300 | |a 279 s | ||
| 996 | |b E67319 |c E*67319 |l EE09 |s P |a 0 |w stu2883_0001 | ||